| 000 | 00000nam 2200000zi 4500 |
| 001 | 9.936511 |
| 003 | CaOODSP |
| 005 | 20240912093752 |
| 006 | m o d f |
| 007 | cr |n||||||||| |
| 008 | 240409e202407 onc ob f100 0 eng d |
| 020 | |a9780660712680 |
| 040 | |aCaOODSP|beng|erda|cCaOODSP |
| 043 | |an-cn--- |
| 086 | 1 |aFs70-4/2024-024E-PDF |
| 245 | 00|aProceedings of the national advisory meeting on cumulative impact mapping and vulnerability of marine ecosystems to multiple anthropogenic stressors : |bmeeting dates: November 29–30 and December 2, 2021, location: virtual meeting / |cchairperson: Tana Worcester ; editors: Alex Tuen, Noreen Kelly, Jocelyn Nelson, Selina Agbayani, Cathryn Murray, Grace Murphy, and Tana Worcester. |
| 264 | 1|aOttawa ON : |bCanadian Science Advisory Secretariat (CSAS), |cJuly 2024. |
| 264 | 4|c©2024 |
| 300 | |a1 online resource (iv, 18 pages). |
| 336 | |atext|btxt|2rdacontent |
| 337 | |acomputer|bc|2rdamedia |
| 338 | |aonline resource|bcr|2rdacarrier |
| 490 | 1 |aProceedings series, |x1701-1280 ; |v2024/024 |
| 500 | |aIssued also in French under title: Compte rendu de la réunion sur les avis scientifiques nationale des cartographie des effets cumulatifs et vulnérabilité des écosystèmes marins à multiples facteurs de stress anthropiques. |
| 504 | |aIncludes bibliographical references (pages 14-15). |
| 650 | 0|aMarine habitats|zCanada|vCongresses. |
| 650 | 0|aMarine ecosystem management|zCanada|vCongresses. |
| 655 | 7|aConference papers and proceedings|2lcgft |
| 700 | 1 |aWorcester, T. |q(Tana) |
| 710 | 2 |aCanadian Science Advisory Secretariat, |eissuing body. |
| 710 | 1 |aCanada. |bDepartment of Fisheries and Oceans. |bNational Capital Region, |eissuing body. |
| 775 | 08|tCompte rendu de la réunion sur les avis scientifiques nationale des cartographie des effets cumulatifs et vulnérabilité des écosystèmes marins à multiples facteurs de stress anthropiques : |w(CaOODSP)9.936513 |
| 830 | #0|aProceedings series (Canadian Science Advisory Secretariat)|v2024/024.|w(CaOODSP)9.506483 |
| 856 | 40|qPDF|s443 KB|uhttps://publications.gc.ca/collections/collection_2024/mpo-dfo/fs70-4/Fs70-4-2024-024-eng.pdf |